Three Phase Grid Tied BESS Connected Solar PV System with Non-Linear Loads from the Perspective of Power Quality in Microgrid Paradigm / (Record no. 610652)

000 -LEADER
fixed length control field 00569nam a22001697a 4500
003 - CONTROL NUMBER IDENTIFIER
control field NUST
082 ## - DEWEY DECIMAL CLASSIFICATION NUMBER
Classification number 621.312
Author Mark MUH
100 ## - MAIN ENTRY--PERSONAL NAME
Personal name Muhammad Saleh Waseem Abbasi (330240)
245 ## - TITLE STATEMENT
Title Three Phase Grid Tied BESS Connected Solar PV System with Non-Linear Loads from the Perspective of Power Quality in Microgrid Paradigm /
264 ## - PRODUCTION, PUBLICATION, DISTRIBUTION, MANUFACTURE, AND COPYRIGHT NOTICE
Place of production, publication, distribution, manufacture Islamabad :
Name of producer, publisher, distributor, manufacturer USPCAS-E, NUST
Date of production, publication, distribution, manufacture, or copyright notice June, 2024.
300 ## - PHYSICAL DESCRIPTION
Extent xviii, 53 p.
Accompanying material +CD
520 ## - SUMMARY, ETC.
Summary, etc. TH-573
650 ## - SUBJECT ADDED ENTRY--TOPICAL TERM
Topical term or geographic name entry element MS EEP Thesis
650 ## - SUBJECT ADDED ENTRY--TOPICAL TERM
Topical term or geographic name entry element MS Thesis
700 ## - ADDED ENTRY--PERSONAL NAME
Personal name Dr. Syed Ali Abbas Kazmi
942 ## - ADDED ENTRY ELEMENTS (KOHA)
Source of classification or shelving scheme
Koha item type Thesis
Holdings
Withdrawn status Permanent Location Current Location Date acquired Full call number Barcode Koha item type
  US-Pakistan Center for Advanced Studies in Energy (USPCAS-E) US-Pakistan Center for Advanced Studies in Energy (USPCAS-E) 07/30/2024 621.312 MUH CAS-ETH0000573 Thesis
© 2023 Central Library, National University of Sciences and Technology. All Rights Reserved.